Responses for Show #9124 - Thursday, June 13, 2024

Adriana Harmeyer game 12.

Contestants

[<< previous game]

Mike Flanagan, a non-profit executive from Winchester, Massachusetts

Hakme Lee, a scientific instructional technician from Seattle, Washington

Adriana Harmeyer, an archivist from West Lafayette, Indiana (whose 11-day cash winnings total $258,700)

[next game >>]

Jeopardy! Round responses

SAINTLY U.S. CITIES
FROM A TO Z
(Ken: Those will be the first and last letters of each response.)
VIVA LAS VEGAS RESIDENCIES
19th CENTURY NEWSPAPERS
RECITING POETRY
RHYME TIME
    $200 19
Santa Monica

Adriana
    $200 8
abuzz

Mike
    $200 30
Elton John

Hakme
    $200 22
Abraham Lincoln

Adriana
    $200 7
The Rime of the Ancient Mariner

Adriana
    $200 1
a tennis menace

Mike
    $1,000 13
(Hakme: What is St. Angelo?)
(Ken: Sorry, no; what if I told you it was the Alamo?)

San Antonio

Hakme
    $400 9
(Ken: [*] con leche, right.)

arroz

Adriana
    $400 29
Penn & Teller

Adriana
    $400 23
(Adriana: What are political cartoons?)

comic strip

Adriana
Triple Stumper
    $400 21
(Adriana: Who is Dickinson?)

Elizabeth Barrett Browning

Adriana
Triple Stumper
    $400 2
a map rap

Adriana
    $600 12
(Adriana: What is St. Paul?)
...
(Ken: It means "holy faith" in Spanish, [*], New Mexico.)

Santa Fe

Adriana
Triple Stumper
    $600 10
(Hakme: What's Afro jazz?)
(Mike: What is alt jazz?)
...
(Ken: It's a "litmus test" because it's [*].)

acid jazz

HakmeMike
Triple Stumper
    $600 17
Christina Aguilera

Adriana
    $600 24
(Adriana: What is Hannibal?)

St. Louis

Adriana
Triple Stumper
    $600 6
Byron

Hakme
    $600 3
a far guitar

Adriana
    $800 20
(Hakme: What's St. Louis?)

St. Joseph

Hakme
Triple Stumper
    $800 11
Alcatraz

Hakme
    $800 16
the Sphere

Hakme
    $800 25
Mark Twain

Mike
    $800 26
Paul Revere

Adriana
    $800 4
a bear snare

Mike
    $1000 14
St. Cloud

Triple Stumper
    $1000 18
Austerlitz

Adriana
    $1000 15
Silk Sonic

Hakme
    $1000 28
Deseret

Hakme
    $1000 27
blaming it on you

Triple Stumper
    $1000 5
(Mike: What is... cheese...)

cheese expertise

Mike
Triple Stumper

Scores at the first commercial break (after clue 15):

Adriana Hakme Mike
$1,000 $800 -$400

Scores at the end of the Jeopardy! Round:

Adriana Hakme Mike
$2,800 $2,000 $400

Double Jeopardy! Round responses

SECRETARIES OF DEFENSE
COMPETITORS
PULITZER PRIZE-WINNING BIOGRAPHIES
SCIENCE FOR "U"
FEATURE FILM DEBUTS
FOREIGN WORDS & PHRASES
    $400 26
a supercarrier (an aircraft carrier)

Triple Stumper
    $400 23
La-Z-Boy

Adriana
    $400 16
LBJ

Mike
    $400 15
umbilical cord

Adriana
    $400 2
Kate Winslet

Adriana
    $400 7
karaoke

Hakme
    $800 27
Donald Rumsfeld

Triple Stumper
    $3,000 21
Nevada

Adriana
    $800 17
Khrushchev

Mike
    $800 12
up

Mike
    $800 3
Alan Rickman

Adriana
    $800 8
Padre

Mike
    $1200 28
Marshall

Hakme
    $1200 19
Kobe Bryant

Adriana
    $2,000 18
(Mike: What is... Favorite Son?)

Fortunate Son

Mike
    $1200 1
ultrasound

Adriana
    $1200 4
(Jessica) Lange

Hakme
    $1200 9
Herr

Hakme
    $1600 29
(Ken: And the last clue...)
(Mike: Bring it.)
(Ken: I will.)

Caltech

Mike
    $1600 24
(I.M.) Pei

Hakme
    $1600 20
(Samuel F.B.) Morse

Triple Stumper
    $1600 13
uranium

Hakme
    $1600 5
Hailee Steinfeld

Adriana
    $1600 10
cordon

Mike
    $2000 30
(Ken: Seems we've forgotten [*].)

Leon Panetta

Triple Stumper
    $2000 25
Dyson

Adriana
    $2000 22
Susan Sontag

Triple Stumper
    $2000 14
universal solvent

Mike
    $2000 6
Love Story

Adriana
    $2000 11
(Mike: What is Sifu?)

Shifu

Mike
Triple Stumper

Scores at the end of the Double Jeopardy! Round:

Adriana Hakme Mike
$15,800 $9,200 $4,400

[wagering suggestions for these scores]

Final Jeopardy! Round responses

1960s BRITISH NOVELS
(Ken: [To Mike] Anthony Burgess' dystopian novel, where his young, thuggish protagonist is Alex--Alex and his Droogs.)
MikeWhat is A Clockwork Orange?
$726
HakmeWhat is
$3,000
AdrianaWhat is A Clockwork Orange?
$4,000
A Clockwork Orange

Final scores:

Adriana Hakme Mike
$19,800 $6,200 $5,126
12-day champion: $278,500 2nd place: $3,000 3rd place: $2,000

Game dynamics:

Coryat scores:

Adriana Hakme Mike
$13,600 $10,200 $6,400
20 R
(including 1 DD),
4 W
12 R,
3 W
(including 1 DD)
11 R,
4 W
(including 1 DD)

Combined Coryat: $30,200

[game clues] [game scores] [suggest correction]

Game tape date: 2024-05-07
The J! Archive is created by fans, for fans. Scraping, republication, monetization, and malicious use prohibited; this site may use cookies and collect identifying information. See terms. The Jeopardy! game show and all elements thereof, including but not limited to copyright and trademark thereto, are the property of Jeopardy Productions, Inc. and are protected under law. This website is not affiliated with, sponsored by, or operated by Jeopardy Productions, Inc. Join the discussion at JBoard.tv.